Statistics for Heaviest Populated European Cities Containing Letters A,B And C

Click here to take the quiz!

General Stats

  • This quiz has been taken 15 times
  • The average score is 2 of 6

Answer Stats

PopCountryAnswer% Correct
2millRumaniaBucharest
87%
1.4millSpainBarcelona
87%
1millRussiaChelyabinsk
13%
459000RussiaCheboksary
0%
303000GermanyMoenchengladbach
0%
246000GermanyBraunshweig
0%

Score Distribution

Percentile by Number Answered

Percent of People with Each Score

Your Score History

You have not taken this quiz